000 00562nam a2200181 a 4500
001 000001184
005 20200929145511.0
008 840613s1990 sp 001 f spa c
040 _aDO-SdBNP
_bspa
_cBNPHU
082 _a863.6
_bR695p
100 1 _aRodoreda, Mercé,
_d1908-1983.
_94032
245 1 3 _aLa plaza del diamante /
_cMercé Rodoreda ; traducción de Enrique Sordo.
260 _aMadrid :
_bIberia,
_c1990.
300 _a264 p. ;
_c20 cm.
650 4 _aNovela española
_91123
650 4 _aLiteratura española
_9632
700 1 _aSordo, Enrique,
_etr.
_94033
999 _c1136
_d1136